000 00834nam a2200205 a 4500
003 0
005 20250516145013.0
008 030602s19uu xx 00 eng d
050 _aPGS HE 9715
_b.T161 2001
100 _aTanada, Aya Katherine Calima.
245 _aThe awareness of selected grade six students on the advantages and disadvantages of text messaging /
_cAya Katherine Calima Tanada.
260 _aLas PiƱas City, Philippines :
_bSouthville International School and Colleges,
_c2001.
300 _aUnpaged :
_bcolored illustrations ;
_c28 cm.
504 _aIncludes bibliographical references.
650 _aText messaging (Cell phone systems)
_vSocial aspects.
650 _aCell phones
_vSocial aspects.
650 _aChildren
_vAttitudes.
650 _aCommunication
_vTechnological innovations.
942 _2lcc
_cPASS
999 _c96938
_d96938